[Event "AUTO-ADV-4929"]
[Site "http://www.queenalice.com/game.php?id=1871705"]
[Date "2026.4.8"]
[Round "1"]
[White "game"]
[Black "maurice916"]
[Result "0-1"]
[WhiteElo "1626"]
[BlackElo "1822"]

1. e4 c6 2. Bc4 d5 3. exd5 cxd5 4. Bb3 Nf6 5. Nf3 Nc6 6. Ba4 Bd7 7. Bb3 e5 8. d3
Bd6 9. Ng5 O-O 10. O-O h6 11. Nf3 Re8 12. c4 d4 13. Nh4 Nh7 14. Nf3 f5 15. Ba4
Bc7 16. c5 Kh8 17. b3 a5 18. Ba3 Nb4 19. Bb2 Bxa4 20. Nh4 Qxh4 21. bxa4 e4 22.
g3 Qh3 23. Nd2 Nxd3 24. Bxd4 Ng5 25. f4 Nf3+ 26. Nxf3 exf3 27. Qxd3 Qg2# 0-1

[Event "AUTO-ADV-4929"]
[Site "http://www.queenalice.com/game.php?id=1871706"]
[Date "2026.4.8"]
[Round "1"]
[White "maurice916"]
[Black "game"]
[Result "1-0"]
[WhiteElo "1846"]
[BlackElo "1618"]

1. Nf3 d6 2. d4 Nf6 3. c4 e5 4. dxe5 Ng4 5. exd6 Bxd6 6. h3 Nh6 7. Bxh6 gxh6 8.
Qd2 Qf6 9. Nc3 Be6 10. e3 Nd7 11. Ne4 Qe7 12. Nxd6+ Qxd6 13. Be2 Qc5 14. b4 Qf5
15. Nd4 Qe4 16. Bf3 Qg6 17. Nxe6 fxe6 18. Bxb7 Rd8 19. Bc6 Qxg2 20. O-O-O Qxc6
21. Qc3 Rf8 22. f4 Nb6 23. Rxd8+ Kxd8 24. Rd1+ Nd7 25. Kb2 Qf3 26. Qd4 Rf7 27.
c5 c6 28. b5 cxb5 29. Qd6 Qxe3 30. c6 Qe2+ 31. Rd2 Qc4 32. cxd7 Rxf4 33. Qb8+
Ke7 34. d8=Q+ Kf7 35. Qf8+ Kg6 36. Qbxf4 1-0

[Event "AUTO-ADV-4929"]
[Site "http://www.queenalice.com/game.php?id=1871723"]
[Date "2026.4.8"]
[Round "1"]
[White "maurice916"]
[Black "SGF"]
[Result "1-0"]
[WhiteElo "1895"]
[BlackElo "1647"]

1. Nf3 f6 2. d4 d5 3. e3 a6 4. c4 Bg4 5. cxd5 Qxd5 6. Be2 Nc6 7. O-O h5 8. Nc3
Qd7 9. Qb3 Na5 10. Qc2 c6 11. Ne4 h4 12. Nc5 Qd5 13. Bd2 h3 14. e4 Qxd4 15. Bxa5
hxg2 16. Rfd1 Qxd1+ 17. Rxd1 Rb8 18. Bc3 e5 19. Ne6 Bxe6 20. Kxg2 Bh3+ 21. Kh1
Bc5 22. Bxe5 fxe5 23. Qxc5 Ne7 24. Qxe5 Rc8 25. Ng5 Bd7 26. Qxg7 Rg8 27. Bh5+
Kd8 28. Nf7+ Kc7 29. Qe5+ Kb6 30. Qxe7 Rc7 31. Rc1 Ka7 32. Qd6 Kb8 33. e5 Rc8
34. e6 Be8 35. Bg4 Bxf7 36. exf7 Rh8 37. f8=Q+ Rxf8 38. Qxf8+ Ka7 39. Qd8 Kb6
40. h4 c5 41. Qxc7+ Kxc7 42. Rxc5+ Kd6 43. Rg5 Kc6 44. Bf3+ Kb6 45. h5 a5 46. h6
Ka7 47. h7 b5 48. h8=Q Kb6 49. Qf6+ Ka7 50. Rg7+ Kb8 51. Qf8# 1-0

[Event "AUTO-ADV-4929"]
[Site "http://www.queenalice.com/game.php?id=1871724"]
[Date "2026.4.8"]
[Round "1"]
[White "SGF"]
[Black "maurice916"]
[Result "1-0"]
[WhiteElo "1636"]
[BlackElo "1936"]

1. e4 c6 2. c3 e5 3. Qf3 Nf6 4. d3 Qc7 5. Be2 d6 6. Qg3 Be6 7. h4 Nbd7 8. b4
O-O-O 9. Be3 b6 10. a4 d5 11. a5 b5 12. Nf3 Re8 13. a6 g6 14. Nbd2 h6 15. Nb3
Bg7 16. Nc5 Nxc5 17. Bxc5 Bf8 18. Qxe5 Qxe5 19. Nxe5 Bxc5 20. bxc5 dxe4 21. Nxc6
exd3 22. Nxa7+ Kb8 23. Nxb5 dxe2 24. a7+ Kb7 25. Nd6+ Ka8 26. Nxe8 Rxe8 27. Kxe2
Bd5+ 28. Kf1 Ng4 29. f3 Ne3+ 30. Kg1 Nf5 31. Kh2 Nxh4 32. Rhd1 Bc6 33. Rd6 Rc8
34. Rf6 Rc7 35. Kh3 g5 36. g3 Nxf3 37. Rxh6 Rc8 38. Rf6 Rc7 39. Rd6 Bd7+ 40. g4
Ne5 41. Rd5 Ng6 42. Rxg5 Nf4+ 43. Kg3 Ne2+ 44. Kf2 Nxc3 45. Rg8+ Bc8 46. g5 Ne4+
47. Ke3 Nxc5 48. Kd4 Ne6+ 49. Kd5 Rd7+ 50. Kc6 Nd8+ 51. Kb6 Bb7 52. Re1 Bd5 53.
Ree8 Be6 54. Rxd8+ Rxd8 55. Rxd8+ Bc8 56. Rxc8# 1-0

[Event "AUTO-ADV-4929"]
[Site "http://www.queenalice.com/game.php?id=1871725"]
[Date "2026.4.8"]
[Round "1"]
[White "maurice916"]
[Black "EduardoRo"]
[Result "1-0"]
[WhiteElo "1882"]
[BlackElo "1676"]

1. Nf3 f6 2. d3 e5 3. e4 Nc6 4. Nc3 Bb4 5. Bd2 Bxc3 6. bxc3 d6 7. Rb1 Bg4 8. Be2
Nh6 9. h3 Bxf3 10. Bxf3 f5 11. Bxh6 gxh6 12. Bh5+ Kd7 13. exf5 Qg5 14. g4 Rad8
15. Rxb7 Rb8 16. Rxb8 Rxb8 17. O-O Qh4 18. Kg2 Rb2 19. Qf3 Rxc2 20. f6 Nd8 21.
f7 Nxf7 22. Qxf7+ Kc6 23. Qe8+ Kc5 24. d4+ Kc4 25. dxe5 Kxc3 26. e6 Qg5 27. e7
Qd5+ 28. Kg1 Qxa2 29. Qc6+ Kb4 30. Qxc2 Qxc2 31. e8=Q Qd3 32. Qb8+ Kc3 33. Qxc7+
Kb3 34. Qb7+ Kc4 35. Qa6+ Kc3 36. Qxd3+ Kxd3 37. Ra1 d5 38. Rxa7 d4 39. Rxh7 Kc2
40. Rxh6 d3 41. g5 d2 42. Rd6 Kc1 43. g6 d1=N 44. Bxd1 1-0

[Event "AUTO-ADV-4929"]
[Site "http://www.queenalice.com/game.php?id=1871726"]
[Date "2026.4.8"]
[Round "1"]
[White "EduardoRo"]
[Black "maurice916"]
[Result "0-1"]
[WhiteElo "1708"]
[BlackElo "1852"]

1. e4 c6 2. Nf3 d5 3. e5 Bg4 4. d4 e6 5. Bg5 Qb6 6. b3 h6 7. Bd2 c5 8. c3 cxd4
9. cxd4 Bxf3 10. Qxf3 Qxd4 11. Nc3 Qxe5+ 12. Be2 Nc6 13. Bf4 Qxc3+ 14. Qxc3 Bb4
15. Qxb4 Nxb4 16. O-O Ne7 17. Bd6 Nc2 18. Bxe7 Nxa1 19. Bc5 Nc2 20. Rc1 b6 21.
Bb5+ Kd8 22. Bxb6+ axb6 23. Rxc2 Ke7 24. Rc7+ Kf6 25. Rb7 Rxa2 26. f3 Rb2 27.
Rxb6 Rxb3 28. Kf2 Rd8 29. g4 g5 30. h3 d4 31. Ke2 Rd5 32. Bc4 Rxb6 33. Bxd5 exd5
34. Kd3 Rb4 35. Kd2 Ke5 36. Kd3 Rb3+ 37. Ke2 Kf4 38. Kf2 Rxf3+ 39. Ke2 Rxh3 40.
Kd2 Ke4 41. Ke2 d3+ 0-1

[Event "AUTO-OPEN-4648"]
[Site "http://www.queenalice.com/game.php?id=1871962"]
[Date "2026.4.15"]
[Round "1"]
[White "maurice916"]
[Black "Capixabba789"]
[Result "0-1"]
[WhiteElo "1901"]
[BlackElo "1936"]

1. Nf3 d5 2. b3 Nc6 3. Bb2 e6 4. e3 Nf6 5. Bb5 Bd7 6. O-O Bd6 7. d4 Ne4 8. c4
dxc4 9. Bxc4 O-O 10. Nbd2 Nxd2 11. Qxd2 Kh8 12. e4 f6 13. Rad1 Bb4 14. Qc2 a5
15. a3 Be7 16. d5 exd5 17. Bxd5 Qe8 18. Nd2 Bd6 19. f4 Bg4 20. Rde1 Bh5 21. Nc4
Bc5+ 22. Kh1 Bf7 23. Re2 Qd8 24. Rd1 Bxd5 25. Rxd5 Bd6 26. Nxd6 cxd6 27. e5 fxe5
28. Re1 Rxf4 29. b4 Qf8 30. Rdd1 Nd4 31. Bxd4 exd4 32. Qd2 axb4 33. axb4 h6 34.
Rg1 Re8 35. Qxd4 Rxd4 36. Rxd4 Re2 0-1

[Event "AUTO-OPEN-4648"]
[Site "http://www.queenalice.com/game.php?id=1871963"]
[Date "2026.4.15"]
[Round "1"]
[White "Capixabba789"]
[Black "maurice916"]
[Result "0-1"]
[WhiteElo "1981"]
[BlackElo "1882"]

1. d4 d6 2. c4 e5 3. d5 f5 4. Nc3 Nf6 5. e3 Be7 6. Be2 c6 7. Nf3 Bd7 8. O-O O-O
9. Bd2 Na6 10. Ng5 Qc8 11. e4 h6 12. Ne6 Bxe6 13. dxe6 Qxe6 14. exf5 Qxf5 15. h3
Qd7 16. Bf3 Nc5 17. Re1 Nd3 18. Re2 Nxb2 19. Qc2 Nxc4 20. Qb3 d5 21. Rb1 Nxd2
22. Rxd2 Rab8 23. Rbd1 Qe6 24. Nxd5 cxd5 25. Rxd5 Kh8 26. R5d2 Qxb3 27. axb3 e4
28. Be2 b6 29. Bc4 b5 30. Be6 a5 31. Ra2 Bb4 0-1

[Event "AUTO-OPEN-4648"]
[Site "http://www.queenalice.com/game.php?id=1871964"]
[Date "2026.4.15"]
[Round "1"]
[White "maurice916"]
[Black "zubarev"]
[Result "1-0"]
[WhiteElo "1886"]
[BlackElo "1972"]

1. Nf3 Nf6 2. b3 g6 3. Bb2 Bg7 4. e3 O-O 5. c4 d6 6. Be2 e5 7. d4 e4 8. Nfd2 c6
9. Nc3 d5 10. cxd5 cxd5 11. O-O Nbd7 12. b4 h6 13. Nb3 Nb6 14. a3 Kh7 15. Rc1
Be6 16. Nc5 Qc8 17. Nxe6 Qxe6 18. Nb5 Qe7 19. Rc7 Qd8 20. Rxb7 Qc8 21. Nd6 Qc6
22. Rxf7 Qxd6 23. Rxf8 Rxf8 24. Qb3 Rc8 25. a4 Qc6 26. Rc1 Qb7 27. a5 Rxc1+ 28.
Bxc1 Nbd7 29. b5 a6 30. b6 Ne8 31. h3 Nd6 32. Ba3 Nc8 33. Qc2 Nb8 34. Qc7 Qxc7
35. bxc7 Nd7 36. Bxa6 Na7 37. c8=Q Nxc8 38. Bxc8 Nb8 39. Bd6 1-0

[Event "AUTO-OPEN-4648"]
[Site "http://www.queenalice.com/game.php?id=1871965"]
[Date "2026.4.15"]
[Round "1"]
[White "zubarev"]
[Black "maurice916"]
[Result "1-0"]
[WhiteElo "1953"]
[BlackElo "1952"]

1. d4 Nf6 2. Nc3 e6 3. e4 d6 4. f4 Be7 5. Nf3 b6 6. Be3 Bb7 7. Bd3 h6 8. e5 dxe5
9. fxe5 Nd5 10. Nxd5 Bxd5 11. Rc1 Nd7 12. c3 O-O 13. Bc2 f5 14. exf6 Nxf6 15.
Ne5 c5 16. O-O Bd6 17. Bf4 Qc7 18. Qd2 c4 19. Ng6 Bxf4 20. Qxf4 Qxf4 21. Rxf4
Rf7 22. Ne5 Rc7 23. Rcf1 Rf8 24. Ng4 Rcc8 25. Nxf6+ Rxf6 26. Rxf6 gxf6 27. Rxf6
Rc7 28. Rxh6 Rg7 29. g3 a6 30. Kf2 a5 31. Bd1 Rh7 32. Rg6+ Kf7 33. Rg5 Rxh2+ 34.
Kg1 Rxb2 35. Bh5+ Kf6 36. Rg8 Rxa2 37. g4 Rc2 38. g5+ Kf5 39. g6 e5 40. Rd8 Ke6
41. Bg4+ Kf6 42. Rxd5 Kxg6 43. Rxe5 Rxc3 44. Bd7 Rd3 45. Bf5+ 1-0

[Event "AUTO-ADV-4931"]
[Site "http://www.queenalice.com/game.php?id=1872119"]
[Date "2026.4.17"]
[Round "1"]
[White "maurice916"]
[Black "Capixabba789"]
[Result "1-0"]
[WhiteElo "1887"]
[BlackElo "1913"]

1. Nf3 d5 2. b3 Nc6 3. Bb2 e6 4. e3 Bd7 5. g3 Nf6 6. Bg2 Be7 7. O-O O-O 8. c4
Qc8 9. cxd5 exd5 10. Re1 Bd6 11. d4 Ne4 12. Nc3 Nxc3 13. Bxc3 Re8 14. Qc2 Bf5
15. Qb2 Ne7 16. Rad1 h6 17. Ne5 Bh7 18. f4 Nf5 19. Bxd5 Rf8 20. Qg2 Bxe5 21.
dxe5 c6 22. Be4 Qe6 23. Qc2 Rad8 24. Rxd8 Rxd8 25. g4 Nxe3 26. Bxh7+ Kh8 27.
Rxe3 Qxg4+ 28. Rg3 Qh4 29. Bd2 Rxd2 30. Qxd2 Kxh7 31. Qd3+ Kh8 32. Qf3 1-0

[Event "AUTO-ADV-4931"]
[Site "http://www.queenalice.com/game.php?id=1872120"]
[Date "2026.4.17"]
[Round "1"]
[White "Capixabba789"]
[Black "maurice916"]
[Result "1/2-1/2"]
[WhiteElo "1961"]
[BlackElo "1896"]

1. d4 d6 2. c4 Nf6 3. Nc3 Nbd7 4. e3 e5 5. d5 Be7 6. Bd3 Nc5 7. Bc2 a5 8. Nf3
Bd7 9. O-O O-O 10. b3 Rb8 11. Bb2 b5 12. Nxb5 Bxb5 13. cxb5 Rxb5 14. Qe2 Rb8 15.
e4 Qd7 16. Rab1 Qd8 17. Nd2 Re8 18. f3 Qd7 19. Nc4 Bf8 20. Nxa5 Ra8 21. b4 Na4
22. Nc6 Nxb2 23. Rxb2 Qc8 24. a4 Nd7 25. a5 Qb7 26. Ba4 Qc8 27. Bb5 Kh8 28. a6
Be7 29. Bd3 Bg5 30. b5 Nb6 31. Qf2 f6 32. Qg3 Bf4 33. Qh4 Bg5 34. Qh5 Bh6 35. g4
Nd7 36. h4 Bf4 37. g5 fxg5 38. hxg5 Nc5 39. Bc4 g6 40. Qh6 Qd7 41. Kf2 Qg7 42.
Qh4 Rf8 43. Rh1 Rf7 44. Re2 Nd7 45. Rh3 Qf8 46. Re1 Rg7 47. Reh1 Qf7 48. Qg4 Nb6
49. Be2 Rf8 1/2-1/2

[Event "AUTO-ADV-4931"]
[Site "http://www.queenalice.com/game.php?id=1872121"]
[Date "2026.4.17"]
[Round "1"]
[White "maurice916"]
[Black "WHUSIRO"]
[Result "0-1"]
[WhiteElo "1918"]
[BlackElo "1853"]

1. Nf3 Nf6 2. b3 e6 3. Bb2 Be7 4. g3 O-O 5. Bg2 d5 6. O-O c5 7. e3 Nc6 8. c4
dxc4 9. bxc4 Qc7 10. Nc3 a6 11. a3 b6 12. d4 Rd8 13. Qc2 Bb7 14. Rad1 cxd4 15.
exd4 Na7 16. Rfe1 Rac8 17. Nb1 Qxc4 18. Qxc4 Rxc4 19. Ne5 Rc7 20. Rd2 Bxg2 21.
Kxg2 Nd5 22. Nf3 Bf6 23. h4 Rdc8 24. Red1 Nb5 25. Ne1 h6 26. a4 Nd6 27. Rd3 a5
28. Na3 Nb4 29. R3d2 Nd5 30. Nd3 Ne4 31. Ne5 Bxe5 32. dxe5 Nec3 33. Rc1 Ne4 34.
Rxc7 Rxc7 35. Re2 Nc5 36. Nb5 Rd7 37. Bd4 Nxa4 38. Nd6 Nc5 39. Nb5 Nb4 40. Nd6
Nd5 41. Ra2 Nb4 42. Ra3 Nc2 43. Rd3 Nxd3 0-1